| 000 | 01079nam a2200241Ia 4500 | ||
|---|---|---|---|
| 999 |
_c54527 _d54527 |
||
| 001 | 21591 | ||
| 003 | GE_BSU | ||
| 005 | 20211207180305.0 | ||
| 008 | 181216s1949||||ge |||||||||||||| ||geo|| | ||
| 040 | _cGE_BSU | ||
| 041 | _ageo | ||
| 080 | _a811.353.1'342 ა-98 | ||
| 100 |
_aახვლედიანი, გიორგი _913208 |
||
| 245 |
_aზოგადი ფონეტიკის საფუძვლები / _cგიორგი ახვლედიანი ; რედ. თ. გამყრელიძე. |
||
| 264 |
_aთბილისი : _bსტალინის სახ. თბილისის სახელმწ. უნ-ტის გამ-ბა, _c1949. |
||
| 300 |
_a438 გვ. ; _c21 სმ. |
||
| 500 | _aდანართი საძიებელი, გვ. : 421-436 | ||
| 541 | _h3 ლ. | ||
| 653 | _aქართული ენა | ||
| 653 | _aქართული ენის ფონეტიკა | ||
| 700 |
_aგამყრელიძე, თ. _eრედაქტორი _93546 |
||
| 942 |
_cBK _2udc |
||